00446nam a2200169Ia 4500003000400000005001700004008004100021020001800062040000700080041000800087082001500095100001900110245008200129260003600211300001500247365001400262OSt20230412105446.0210423s2007 xx 000 0 und d a9780240520247 cAL aeng a771.3 TARJ aTARRANT (Jon). aUnderstanding digital cameras: getting the best image from capture to output. aAmsterdambElsevier Indiac2007 axi,346bPB b1653cINR